00561nam a2200181Ia 4500008004100000020000700041082001500048100002300063245004100086250001200127260003200139300001500171600002100186650002100207942000800228952012600236999001700362241115s9999 xx 000 0 und d aNA a005.73 GOO aGoodrich, Michel T 0aData Structures & Algorithms in Java a6th ed. a2014bAmerica:cJohn Wiley, axvi, 720p. aComputer Science aComputer Science cBBD 001040708BB-CSaUITUbUITUd2023-02-22eAl Barkat Book Centerg505.00l0pBB2682r2024-11-15 09:48:00w0000-00-00yBBD c27175d27175